| 000 | 00653nam a2200253 i 4500 | ||
|---|---|---|---|
| 001 | bgj | ||
| 100 | 1 | _aMILOFSKY, David. | |
| 245 | 1 | 0 |
_aPlaying from Memory : _ba novel / _cDavid Milofsky. |
| 260 |
_aNew York : _bSimon and Schuster, _cc. 1981. |
||
| 300 |
_a270 pp ; _c24 cm. |
||
| 650 | 9 |
_aMultiple sclerosis _xPatients |
|
| 650 | 9 | _aFathers and sons | |
| 650 | 9 | _aMarried people | |
| 650 | 9 | _aViolists | |
| 650 | 9 | _aDomestic fiction | |
| 650 | 9 | _aMusical fiction | |
| 655 | _aFiction | ||
| 020 | _a0671252526 | ||
| 040 | _cBPK | ||
| 041 | 0 | _aeng | |
| 920 | _a0-671-25252-6 | ||
| 942 | _cKS | ||
| 008 | s uk f |000 0 eng | ||
| 999 |
_c47512 _d47512 |
||
| 856 |
_uhttp://koha.tu.koszalin.pl/cgi-bin/koha/opac-detail.pl?biblionumber=47512 _yKatalog online BPK |
||